| 000 | 00000nam##2200000za#4500 |
| 001 | 9.624751 |
| 003 | CaOODSP |
| 005 | 20200401040259 |
| 007 | ta |
| 008 | 150406|1998||||xxc||||| f|0| 0 fre|d |
| 020 | |a0-662-82967-0 |
| 040 | |aCaOODSP|bfre |
| 043 | |an-cn--- |
| 086 | 1 |aA54-8/1998-2F |
| 110 | 1 |aCanada. |bAgriculture et agroalimentaire Canada. |bDirection générale de la recherche. |
| 245 | 10|aRessources zoogénétiques du Canada: les races bovines au Canada / |cÉtabli par J. N. B Shrestha et C. Hansen. |
| 260 | |aOttawa - Ontario : |bAgriculture et Agroalimentaire Canada. |c1998. |
| 300 | |a97p. : |btableaux ; |c28 cm. |
| 490 | 1 |aBulletin technique|v1998-2F |
| 500 | |a«La présente publication répertorie, avec données à l'appui, les races bovines présentes au Canada. Elle complète une série de documents sur les races caprines, ovine et porcines au Canada.»--Préface. |
| 520 | 3 |aLa présente publication répertorie, avec données à l'appui, les races bovines présentes au Canada. Elle complète une série de documents sur les races caprines, ovine et porcines au Canada.--Préface |
| 563 | |aCouverture souple |
| 590 | |a99-28|b1999-07-16 |
| 691 | 07|aBétail|2gcpds |
| 691 | 07|aGénétique|2gcpds |
| 720 | 1 |aShrestha, J. N. B. |
| 720 | 1 |aHansen, C. |
| 776 | 0#|tRessources zoogénétiques du Canada |w(CaOODSP)9.608400 |
| 830 | #0|aBulletin technique ;|v1998-2F|w(CaOODSP)9.512830 |